[Event "City-ch w"]
[Site "St-Petersburg RUS"]
[Date "2002.04.20"]
[Round "5"]
[White "Rakitskaja,M"]
[Black "Stjazhkina,O"]
[Result "0-1"]
[WhiteElo "2170"]
[BlackElo "2265"]

1.Nf3 d5 2.g3 Nf6 3.Bg2 c6 4.O-O Bf5 5.d3 h6 6.Nbd2 e6 7.Re1 Be7 8.e4 dxe4
9.dxe4 Nxe4 10.Nh4 Bxh4 11.Bxe4 Bxe4 12.Rxe4 Bf6 13.Qe2 Nd7 14.Rb4 Nc5 15.Nb3 a5
16.Rg4 h5 17.Rc4 Nxb3 18.cxb3 h4 19.Bf4 hxg3 20.Bxg3 Qd5 21.Rd1 Qh5 22.f3 O-O
23.Rd7 Qd5 24.Qc2 Rfd8 25.a4 Qh5 26.Rxd8+ Rxd8 27.Kg2 Qg5 28.f4 Qd5+ 29.Kh3 Qh5+
30.Kg2 Qd1 31.Qxd1 Rxd1 32.Rc5 Rd2+ 33.Kh3 Rxb2 34.Rxa5 Rxb3 35.Ra8+ Kh7
36.a5 c5 37.Rc8 Bd4 38.Kg4 f5+ 39.Kh4 Kg6 40.Rc7 Rb5 41.Be1 Bf6+ 42.Kh3 Bd8
43.Rd7 Bxa5 44.Bxa5 Rxa5 45.Rxb7 Ra3+ 46.Kg2 Ra4 47.Kg3 Rd4 48.Rc7 c4 49.Kf3 Kf6
50.h4 e5 51.fxe5+ Kxe5 52.Rc5+ Ke6 53.h5 Rh4 54.Kg3 Rxh5 55.Rxc4 Kf6 56.Rc6+ Kg5
57.Rc5 Rh8 58.Rc7 g6 59.Rf7 Ra8 60.Kf3 Ra3+ 61.Kg2 Kg4 62.Rb7 Ra2+ 63.Kg1 f4
64.Rb1 g5 65.Rc1 Kg3 66.Rb1 f3 67.Rc1 g4 68.Rb1 Rg2+  0-1

[Event "City-ch"]
[Site "St-Petersburg RUS"]
[Date "2002.04.22"]
[Round "6"]
[White "Loginov,Va"]
[Black "Lugovoi,A"]
[Result "1-0"]
[WhiteElo "2524"]
[BlackElo "2510"]

1.Nf3 d5 2.g3 c5 3.Bg2 Nc6 4.d4 e6 5.O-O cxd4 6.Nxd4 Bc5 7.Nxc6 bxc6 8.c4 Nf6
9.Nc3 O-O 10.Na4 Be7 11.Be3 e5 12.cxd5 cxd5 13.Rc1 h6 14.Bc5 Be6 15.Qd3 Rc8
16.b4 d4 17.a3 Rc7 18.e3 Bxc5 19.Nxc5 Bd5 20.Bxd5 Qxd5 21.exd4 exd4 22.Rc4 Rd8
23.Re1 Ng4 24.Rxd4 Qxd4 25.Re8+ Rxe8 26.Qxd4 Nf6 27.Kg2 Rce7 28.a4 Re5 29.Nb7 a6
30.Qc4 Re4 31.Qxa6 Rxb4 32.Nd6 Rd8 33.Qa5 Rbb8 34.Qc7 Ra8 35.Qxf7+ Kh7 36.Qc7 Rd7
37.Qc6 Raa7 38.Nb5 Ra5 39.Qc3 Ra8 40.a5 Rf7 41.Qc2+ g6 42.Qa2 Kg7 43.a6 h5
44.Nd4 Re7 45.Nc6 Rc7 46.Qa4 Rac8 47.Nd4 Rd7 48.Ne6+ Kh7 49.Qf4 Nd5 50.Qe5 Nb4
51.Qf6 Ra8 52.Nf8+ Rxf8 53.Qxf8 Nxa6 54.Qc8 Rd6 55.Qb7+ Kh6 56.Qe7 Rc6 57.h4 Nc7
58.Qd8  1-0

[Event "ch-YUG w"]
[Site "Kotor YUG"]
[Date "2002.04.23"]
[Round "10"]
[White "Maksimovic,S"]
[Black "Mijovic,A"]
[Result "1-0"]
[WhiteElo "2282"]
[BlackElo "2123"]

1.Nf3 d5 2.g3 Nf6 3.Bg2 c6 4.d3 Bf5 5.Nbd2 e6 6.O-O Be7 7.Qe1 O-O 8.e4 Bg6
9.Ne5 Bh5 10.h3 Nbd7 11.Nxd7 Nxd7 12.f4 f6 13.a3 Bf7 14.Kh2 Nb6 15.b3 Qd7
16.Bb2 Rfd8 17.Nf3 c5 18.Qe2 c4 19.dxc4 dxc4 20.Rad1 Qc7 21.Nd4 a6 22.Qg4 h5
23.Qf3 Rac8 24.e5 Nd5 25.f5 c3 26.Bc1 Qxe5 27.Rfe1 Qc7 28.Nxe6 Bxe6 29.Rxe6 Nb6
30.Bf4 Qc5 31.Be3 Qxa3 32.Bxb6  1-0

[Event "VIII Leonardo di Bona Open"]
[Site "Cutro ITA"]
[Date "2002.04.24"]
[Round "1"]
[White "Aleksic,Nen1"]
[Black "Drasko,M"]
[Result "1/2-1/2"]
[WhiteElo "2381"]
[BlackElo "2513"]

1.Nf3 d5 2.g3 c6 3.Bg2 Bf5 4.O-O Nd7 5.d3 e6 6.Nbd2 Ngf6 7.Nh4 Bg4 8.h3 Bh5
9.Qe1 Be7 10.e4 O-O 11.Nhf3 a5 12.a3 a4 13.e5 Ne8 14.Qe3 c5 15.c3 Nc7 16.Re1  1/2-1/2

[Event "City-ch"]
[Site "St-Petersburg RUS"]
[Date "2002.04.24"]
[Round "8"]
[White "Loginov,Va"]
[Black "Ivanov,Se"]
[Result "1/2-1/2"]
[WhiteElo "2524"]
[BlackElo "2546"]

1.Nf3 d5 2.g3 Bg4 3.Bg2 Nd7 4.c4 e6 5.cxd5 exd5 6.Nc3 c6 7.d3 Ngf6 8.O-O Bd6
9.Qc2 O-O 10.e4 Re8 11.h3 Bh5 12.Nh4 Bf8 13.f4 d4 14.Nd1 Bxd1 15.Qxd1 a5
16.Bd2 Nc5 17.Be1 Qb6 18.Rb1 Qb5 19.Rf3 a4 20.Nf5 Ne6 21.Bf2 g6 22.e5 Rad8
23.exf6 Qxf5 24.Qxa4 Qxf6 25.Re1 Nc5 26.Qd1 Rxe1+ 27.Qxe1 Na4 28.g4 Qe7 29.Qd2 Qb4
30.Qc2 Nxb2 31.f5 Re8 32.fxg6 hxg6 33.Qc1 Bd6 34.h4 Qc3 35.Qg5 Nxd3 36.Bf1 Be7
37.Qh6 Qc1 38.Qxc1 Nxc1 39.Bc4 Rf8 40.a4 d3 41.Be3 Ne2+ 42.Kf1 Nc3 43.Bh6 d2
44.Bxd2 Nd5 45.Rb3 Ra8 46.Rxb7 Rxa4 47.Bxd5 cxd5 48.Rxe7 Rxg4 49.Be1 g5 50.hxg5 Rxg5
51.Rd7 Kg7 52.Bc3+ Kg6 53.Rd6+ Kh5 54.Kf2 Kg4 55.Ke3 Rf5 56.Bd4 Rf3+ 57.Ke2 Rf5
58.Be3 Rh5 59.Rd8 Re5 60.Rd7 Rf5 61.Ra7 Rf6 62.Ra1 Rf5 63.Rg1+ Kh5 64.Kd3 Kh4
65.Kd4 Kh5 66.Kc5 Kh4 67.Bd4 Kh5 68.Kd6 Rg5 69.Rf1 Kg4 70.Rxf7 Rf5 71.Ra7 Kf4
72.Ra1 Ke4 73.Kc5 Rf7 74.Re1+ Kf5 75.Kd6 Rh7 76.Re5+ Kf4 77.Ke6 Kf3 78.Re3+ Kf4
79.Re2 Kf3 80.Re1 Rh5 81.Be5 d4 82.Bxd4 Kf4 83.Be5+ Kf3 84.Kd5 Rh4 85.Ra1 Rg4
86.Ra3+ Ke2 87.Bd4 Rg8 88.Kc4 Rg2 89.Re3+ Kd2 90.Re4 Rg3 91.Be5 Rg2 92.Bf4+ Kc2
93.Re1 Rg4 94.Rc1+ Kb2 95.Rf1 Rg2 96.Kd3 Kb3 97.Bd2 Rg3+ 98.Be3 Rg2 99.Bf2 Rh2
100.Bd4 Rh3+ 101.Be3 Rh2 102.Rf6 Rh4 103.Rb6+ Rb4 104.Rh6 Ka4 105.Bd2 Rb3+
106.Kc2 Rb7 107.Rh5 Rb2+ 108.Kd3 Rb5 109.Rh4+ Kb3 110.Bc3 Rd5+ 111.Bd4 Rb5
112.Rh1 Rb4 113.Bc5 Rb5 114.Kd4 Ka4 115.Ra1+ Kb3 116.Ra3+ Kc2 117.Rh3 Rb8
118.Rh2+ Kb3 119.Kd3 Rb5 120.Rc2 Rb7 121.Rc1 Rb5 122.Rc3+ Kb2 123.Ba3+ Ka2
124.Kc4 Rg5 125.Bc5 Rg2 126.Bd4 Kb1 127.Ra3 Re2 128.Kd3 Rd2+ 129.Ke3 Ra2
130.Rb3+ Kc1 131.Rb8 Kc2 132.Rc8+ Kb3 133.Kd3 Ra4 134.Bc3  1/2-1/2

[Event "TSGM April"]
[Site "Belgrade YUG"]
[Date "2002.04.25"]
[Round "6"]
[White "Velickovic,Sa"]
[Black "Abramovic,B"]
[Result "1/2-1/2"]
[WhiteElo "2399"]
[BlackElo "2509"]

1.Nf3 d5 2.g3 Nf6 3.Bg2 c6 4.O-O Bg4 5.h3 Bxf3 6.exf3 e6 7.f4 Be7 8.d4 O-O
9.c3 Nbd7 10.Re1 a5 11.a4  1/2-1/2

[Event "VIII Leonardo di Bona Open"]
[Site "Cutro ITA"]
[Date "2002.04.25"]
[Round "3"]
[White "Lazic,Mi"]
[Black "Genocchio,D"]
[Result "0-1"]
[WhiteElo "2474"]
[BlackElo "2326"]

1.g3 d5 2.Nf3 c6 3.Bg2 Nd7 4.c4 e6 5.d3 Ngf6 6.O-O Be7 7.b3 O-O 8.Bb2 Re8
9.Nbd2 Bf8 10.e4 dxe4 11.Nxe4 Nxe4 12.dxe4 Nc5 13.e5 a5 14.Bd4 Qe7 15.Be3 Rd8
16.Qc2 f6 17.exf6 gxf6 18.Rad1 Rxd1 19.Rxd1 Qf7 20.Nh4 Bd7 21.Qd2 Be8 22.Bh3 a4
23.b4 Ne4 24.Qc2 Ng5 25.Bxg5 fxg5 26.Qe4 Kh8 27.Nf3 Qf6 28.c5 Bh5 29.Rd7 Bg7
30.Bg4 Bf7 31.Nxg5 Bg6 32.Qe3 Bh6 33.h4 Rf8 34.Rd6 Qa1+ 35.Kg2 Qxa2 36.Bxe6 Qb2
37.Rd2 Qf6 38.Ba2 Re8 39.Qd4  0-1

[Event "TUR-BUL Chess Summit"]
[Site "Istanbul TUR"]
[Date "2002.04.26"]
[Round "4"]
[White "Radulov,I"]
[Black "Haznedaroglu,K"]
[Result "0-1"]
[WhiteElo "2368"]
[BlackElo "2345"]

1.Nf3 d5 2.g3 Nf6 3.Bg2 c6 4.O-O Bg4 5.d3 e6 6.c4 Bd6 7.Nc3 O-O 8.e4 dxc4
9.dxc4 e5 10.Qc2 Qe7 11.h3 Bxf3 12.Bxf3 Qe6 13.Rd1 Be7 14.g4 Qxc4 15.g5 Ne8
16.Be2 Qb4 17.Be3 Qa5 18.a3 Qc7 19.Rac1 b6 20.b4 Qb7 21.Qb3 Nd7 22.f4 exf4
23.Bxf4 Rd8 24.Bg4 Nb8 25.e5 Kh8 26.Ne4 Nc7 27.Nd6 Bxd6 28.exd6 Ne6 29.Be3 Nd7
30.Qb2 Qc8 31.h4 c5 32.h5 f5 33.Bh3 Rde8 34.h6 Qd8 35.Rd5 Nd4 36.hxg7+ Kxg7
37.Bxd4+ cxd4 38.Bxf5 Re5 39.Rxe5 Nxe5 40.Rc7+ Rf7 41.Rxf7+ Kxf7 42.Qb3+ Kg7
43.Qe6 Qxg5+ 44.Kf2 Qf4+ 45.Kg2 Qf3+ 46.Kh2 Qf2+ 47.Kh3 Nf7 48.Qd5 Qe3+ 49.Kg2 Qg5+
50.Kf3 Qe3+ 51.Kg2 Qe2+ 52.Kg3 Qe3+ 53.Kg2 Kf6 54.Bxh7 Qe2+ 55.Kg3 Qe1+ 56.Kg2 Qe2+
57.Kg3 Qe3+ 58.Kg2 Ne5 59.d7 Qe2+ 60.Kg3 Qg4+ 61.Kf2 Nxd7 62.Qd6+ Kg7 63.Qe7+ Kh6
64.Be4 Qf4+ 65.Ke2 Nf6 66.Qf8+ Kg5 67.Qg7+ Kh4 68.Qh8+ Kg5 69.Qg7+ Kh4 70.Qh8+ Kg3
71.Qg7+ Kh4 72.Qh8+ Nh5 73.Qd8+ Kh3 74.Qxd4 Ng3+ 75.Kd3 Qf1+ 76.Kd2 Qe2+
77.Kc3 Nxe4+ 78.Kb3 Kg2 79.Qg7+ Kf1 80.Qxa7 Qd1+ 81.Kb2 Qd4+ 82.Kb3 Qd5+
83.Kb2 Nd2 84.Kc3 Ke2 85.Qe7+ Ne4+ 86.Kb2 Qd4+ 87.Kb3 b5  0-1

[Event "VIII Leonardo di Bona Open"]
[Site "Cutro ITA"]
[Date "2002.04.28"]
[Round "6"]
[White "Drasko,M"]
[Black "Ivanov,J"]
[Result "1/2-1/2"]
[WhiteElo "2513"]
[BlackElo "2411"]

1.Nf3 d5 2.g3 c6 3.Bg2 Bg4 4.O-O Nd7 5.d3 e6 6.b3 a5 7.a3 Bxf3 8.Bxf3 Qf6
9.d4 Bd6 10.e4 dxe4 11.Bxe4 Ne7 12.Bb2 h5 13.Nd2 Bc7 14.Nc4 Nd5 15.Qf3 a4
16.b4 b5 17.Ne3 Qxf3 18.Bxf3 N7b6 19.c4 Nxc4 20.Nxc4 bxc4 21.Rac1 c3 22.Bxc3 Kd7
23.Bd2 Bd6 24.Rc2 g6 25.Rfc1 Rhc8 26.Be2 Rab8 27.Kg2 Rb6 28.Bf3 Rbb8 29.Be4  1/2-1/2

[Event "Bundesliga 2001-2"]
[Site "Hamburg GER"]
[Date "2002.04.28"]
[Round "15"]
[White "Votava,J"]
[Black "Meins,G"]
[Result "1/2-1/2"]
[WhiteElo "2515"]
[BlackElo "2394"]

1.Nf3 d5 2.g3 c6 3.Bg2 Bg4 4.O-O Nd7 5.d3 e6 6.Nbd2 Ngf6 7.e4 dxe4 8.dxe4 Ne5
9.Qe1 Nxf3+ 10.Nxf3 Bxf3 11.Bxf3 e5 12.b3 Bc5 13.Bb2 Qe7 14.Qe2 O-O 15.Rad1 Rad8
16.Kg2 Bb6 17.Qc4 g6 18.b4 a6 19.a4 Rxd1 20.Rxd1 Rd8 21.Rxd8+ Bxd8 22.Bc1 Kg7
23.Be3 Bc7 24.h3 h5 25.c3 Bd6 26.Be2 Ne8 27.h4 Nc7 28.Bf1 Ne6 29.Kh2 Bc7
30.Bh3 Qd6 31.a5 Qe7 32.Kg1 Bd6 33.Kf1 Qf6 34.Ke2 Qe7 35.Kd2 Qf6 36.Kc2 Qe7
37.Kb3 Qf6 38.Qd3 Qe7 39.Qc4 Kg8 40.Bb6 Kg7 41.Qd3 Kg8 42.Qd2  1/2-1/2

[Event "TUR-BUL Chess Summit"]
[Site "Istanbul TUR"]
[Date "2002.04.28"]
[Round "7"]
[White "Radulov,I"]
[Black "Atakisi,U"]
[Result "1/2-1/2"]
[WhiteElo "2368"]
[BlackElo "2358"]

1.Nf3 d5 2.g3 c6 3.Bg2 Bg4 4.O-O Nd7 5.d3 Ngf6 6.c4 e6 7.Nc3 Be7 8.cxd5 exd5
9.h3 Bxf3 10.Bxf3 d4 11.Nb1  1/2-1/2

[Event "59th ch-POL"]
[Site "Warsaw POL"]
[Date "2002.04.29"]
[Round "1"]
[White "Markowski,T"]
[Black "Tomczak,Raf"]
[Result "1-0"]
[WhiteElo "2538"]
[BlackElo "2384"]

1.g3 d5 2.Nf3 c6 3.Bg2 Nf6 4.O-O Bf5 5.d3 e6 6.c4 dxc4 7.dxc4 Qxd1 8.Rxd1 Nbd7
9.Nc3 h6 10.Be3 Ng4 11.Bd2 Bc2 12.Rdc1 Bh7 13.h3 Nge5 14.Nxe5 Nxe5 15.Na4 Rd8
16.Be3 Nd7 17.Nc3 Nb6 18.Ne4 Be7 19.a4 Bxe4 20.Bxe4 Bf6 21.a5 Nc8 22.Rab1 a6
23.b4 Bd4 24.Bxd4 Rxd4 25.Bd3 Kd8 26.Rb3 Re8 27.e3 Rd6 28.Kf1 Re7 29.Ke2 Na7
30.h4 e5 31.Be4 g6 32.g4 Red7 33.Rb2 Ke7 34.g5 Rd8 35.Rh1 Rh8 36.Rbb1 Rhd8
37.Rb2 Rh8 38.Bf3 hxg5 39.hxg5 Rxh1 40.Bxh1 Ke6 41.Be4 Rd8 42.Rd2 Rxd2+ 43.Kxd2 Nc8
44.Bg2 Kd6 45.Kd3 Ne7 46.Ke4  1-0

[Event "59th ch-POL"]
[Site "Warsaw POL"]
[Date "2002.05.01"]
[Round "3"]
[White "Markowski,T"]
[Black "Lagowski,P"]
[Result "1/2-1/2"]
[WhiteElo "2538"]
[BlackElo "2321"]

1.g3 d5 2.Nf3 c6 3.Bg2 g6 4.O-O Bg7 5.d3 e5 6.e4 Ne7 7.Nbd2 O-O 8.c3 dxe4
9.dxe4 b6 10.Re1 Qc7 11.a4 Nd7 12.b4 a5 13.Ba3 axb4 14.cxb4 Rd8 15.Qc2 Nf8
16.Bb2 Ne6 17.Bf1 Nd4 18.Nxd4 exd4 19.Bd3 g5 20.b5 c5 21.Nc4 Be6 22.Bc1 Bxc4
23.Qxc4 Ng6 24.Bxg5 Ne5 25.Bf4 Nf3+ 26.Kg2 Nxe1+ 27.Rxe1 Qa7 28.Ra1 Qa5 29.Ra2 Qc3
30.Bc7 Qxc4 31.Bxc4 d3 32.Bxd8 Rxd8 33.Bd5 c4 34.Bxc4 d2 35.Be2 d1=Q 36.Bxd1 Rxd1
37.a5 bxa5 38.Rxa5 Rb1 39.Ra8+ Bf8 40.Rc8 Rxb5 41.Rc2 Kg7 42.Ra2 Bc5 43.Rd2 Rb3
44.Rc2 Bd4 45.Rd2 Bf6 46.Rd5 Rb2 47.Kf3 Bc3 48.Kg2 Rd2 49.Rf5 Bd4 50.Rf4 f6
51.Kf1 Kf7 52.Rf5 Ke6 53.h3 Rd1+ 54.Kg2 Re1 55.Kf3 Rc1 56.Kg2 Rc5 57.Rxc5 Bxc5
58.f4 Bb4 59.g4 Bd2 60.Kf3 h6 61.Kg3 Be1+ 62.Kf3 Kd6 63.Ke2 Bg3 64.Kf3 Bh4
65.Ke3 Kc5 66.Kd3 Bg3 67.Ke3 Kc4 68.Kf3 Bh4 69.Ke3 Bg3 70.Kf3 Bh4  1/2-1/2

[Event "ch-UKR"]
[Site "Alushta UKR"]
[Date "2002.05.03"]
[Round "1"]
[White "Muhtarov,L"]
[Black "Fingerov,D"]
[Result "0-1"]
[WhiteElo "2117"]
[BlackElo "2404"]

1.Nf3 d5 2.g3 c6 3.Bg2 Nf6 4.b3 Bg4 5.Bb2 Nbd7 6.d3 e6 7.Nbd2 Bd6 8.O-O O-O
9.Qe1 Qe7 10.a3 e5 11.e4 Rfe8 12.h3 Bh5 13.Nh4 Bc5 14.Kh1 Bg6 15.b4 Bb6 16.c4 dxe4
17.dxe4 c5 18.Nb3 a6 19.Rc1 Rac8 20.Nxg6 hxg6 21.Qc3 g5 22.b5 axb5 23.cxb5 c4
24.Nd2 Bd4 25.Qc2 c3 26.Ba1 cxd2 27.Qxd2 Rxc1 28.Rxc1  0-1

[Event "FSIM May"]
[Site "Budapest HUN"]
[Date "2002.05.04"]
[Round "1"]
[White "Nemeth,Z"]
[Black "Papp,Ge"]
[Result "1-0"]
[WhiteElo "2364"]
[BlackElo "2244"]

1.Nf3 d5 2.g3 c6 3.Bg2 Bg4 4.d4 Nd7 5.Nbd2 Ngf6 6.O-O e6 7.Re1 Bd6 8.c3 O-O
9.e4 dxe4 10.Nxe4 Nxe4 11.Rxe4 Bf5 12.Re1 h6 13.Nd2 Nf6 14.Nc4 Nd5 15.Qb3 b5
16.Nxd6 Qxd6 17.Bd2 Rab8 18.Re5 Rb6 19.Qd1 Rb7 20.Qf3 Rd8 21.g4 Bg6 22.Rae1 Re7
23.h4 c5 24.h5 Bh7 25.dxc5 Qxc5 26.g5 hxg5 27.Rxg5 Qc4 28.h6 Bg6 29.b3 Qc7
30.Rg3 Ree8 31.hxg7 Kxg7 32.Bf1 e5 33.Bxb5 e4 34.Qg2 Re6 35.Bg5 Rh8 36.Bc4 Re5
37.Bxd5 Rxd5 38.Be3 Rhh5 39.Bd4+ Kh7 40.Rxe4 Bxe4 41.Rg7+ Kh6 42.Rh7+  1-0

[Event "3rd Open"]
[Site "Backa Palanka YUG"]
[Date "2002.05.05"]
[Round "4"]
[White "Sanduleac,V"]
[Black "Buljovcic,I"]
[Result "1-0"]
[WhiteElo "2477"]
[BlackElo "2338"]

1.g3 d5 2.Nf3 c6 3.Bg2 Bg4 4.d3 Nf6 5.Nbd2 Nbd7 6.O-O e5 7.e4 dxe4 8.dxe4 h6
9.b3 Qc7 10.h3 Be6 11.Qe2 Rd8 12.Bb2 b5 13.Ne1 Bd6 14.Nd3 c5 15.c4 bxc4 16.Nxc4 Bxc4
17.bxc4 Nb8 18.f4 Nfd7 19.fxe5 Nxe5 20.Nf4 O-O 21.Nd5 Qb7 22.Rab1 Qa6 23.Ne7+ Bxe7
24.Bxe5 Nc6 25.Bf4 Bf6 26.e5 Rde8 27.Bd5 Bxe5 28.Bxe5 Nxe5 29.Rb7 Kh8 30.Qf2 Rc8
31.Qf5 Qd6 32.Rxa7 Nc6 33.Rxf7 Qxg3+ 34.Kh1 Qd6 35.Rxf8+  1-0

[Event "3rd Open"]
[Site "Backa Palanka YUG"]
[Date "2002.05.05"]
[Round "4"]
[White "Arsovic,Z"]
[Black "Sebez,M"]
[Result "0-1"]
[WhiteElo "2416"]
[BlackElo "2251"]

1.Nf3 d5 2.g3 c6 3.Bg2 Bf5 4.c4 e6 5.cxd5 exd5 6.O-O Be7 7.d3 h6 8.Be3 Nd7
9.Qb3 Qb8 10.Nc3 Ngf6 11.Bf4 Qc8 12.Nd4 Nc5 13.Qc2 Bh3 14.e4 Bxg2 15.Kxg2 dxe4
16.dxe4 Ne6 17.Nf5 Nxf4+ 18.gxf4 g6 19.Ng3 Qg4 20.Ne2 Nh5 21.Qd2 Rd8 22.Qe3 g5
23.f3 Nxf4+ 24.Kh1 Qe6 25.Nxf4 gxf4 26.Qxf4 Bd6 27.Qh4 Bxg3 28.Qxg3 Qd6 29.Qg7 Ke7
30.Qc3 Rhg8 31.Qc2 Qe5 32.f4 Rd2 33.fxe5 Rxc2 34.Rf6 Rgg2 35.Rxh6 Rxb2 36.a3 c5
37.Rc1 Rge2 38.Rh4 c4 39.Rf4 Rxh2+ 40.Kg1 Rbg2+ 41.Kf1 Rh1+ 42.Kxg2 Rxc1
43.Kf2 Rc3 44.a4 Ra3 45.Rf6 Rxa4 46.Ke3 Ra6 47.Rf1 Rc6 48.Kd2 c3+ 49.Kc2 Rc5
50.Rb1 b6 51.Ra1 Rc7 52.Rd1 Rc4 53.Ra1 Rc7 54.Rd1 Ke6 55.Rd5 Rc6 56.Rd8 Kxe5
57.Rd7 f6  0-1

[Event "4NCL"]
[Site "Birmingham ENG"]
[Date "2002.05.05"]
[Round "10"]
[White "Webb,Ri"]
[Black "Rogers,I"]
[Result "0-1"]
[WhiteElo "2361"]
[BlackElo "2555"]

1.Nf3 d5 2.g3 c6 3.Bg2 Bg4 4.O-O Nd7 5.d3 Ngf6 6.Nbd2 e6 7.h3 Bh5 8.e4 Bc5
9.Qe2 O-O 10.b3 a5 11.a3 dxe4 12.dxe4 e5 13.Bb2 Re8 14.c3 Qc7 15.b4 Bf8 16.Nc4 b6
17.Qc2 Red8 18.Rfd1 Ne8 19.Rd2 f6 20.Ne3 b5 21.a4 axb4 22.cxb4 bxa4 23.Rxa4 Rxa4
24.Qxa4 Nb6 25.Qc2 Rxd2 26.Nxd2 Bf7 27.Bc3 Nd6 28.Nb3 Nb5 29.Na5 Qd7 30.Be1 Nd4
31.Qd2 Be6 32.Nf5 Nb5 33.Qxd7 Bxd7 34.Bf1 g6 35.Ne3 Nd4 36.Kg2 Nc8 37.Bc4+ Kg7
38.Ba6 Nd6 39.Bd3 Ne6 40.Bd2 Ng5 41.f3 Bxh3+ 42.Kf2 Bd7 43.Nec4 Ne6 44.Nb6 Be8
45.Nbc4 Nb5 46.f4 exf4 47.gxf4 Be7 48.f5 gxf5 49.exf5 Ned4 50.Be4 h5 51.Kg3 Bd7
52.Kh4 Be8 53.Kg3 Bd8 54.Kh4 Bc7 55.Be3 Nc3 56.Bxd4 Nxe4 57.Ne3 c5 58.Bb2 cxb4
59.Nac4 Bf7  0-1

[Event "4NCL"]
[Site "Birmingham ENG"]
[Date "2002.05.05"]
[Round "10"]
[White "Lauterbach,I"]
[Black "Norman,D"]
[Result "1-0"]
[WhiteElo "2127"]
[BlackElo "2032"]

1.Nf3 d5 2.g3 Bg4 3.Bg2 c6 4.h3 Bxf3 5.Bxf3 Nf6 6.d3 Nbd7 7.O-O e6 8.Nd2 Bc5
9.c3 a5 10.a4 O-O 11.Bg2 Re8 12.Qc2 Qc7 13.Kh2 Rad8 14.d4 Bd6 15.c4 b6 16.e4 dxe4
17.Nxe4 Nxe4 18.Bxe4 Nf8 19.c5 bxc5 20.dxc5 Be5 21.Bg2 Rd4 22.Be3 Rb4 23.Rab1 Reb8
24.b3 Ng6 25.Bd2 R4b7 26.Qe4 Ne7 27.Rfe1 Rd8 28.Bg5 f6 29.Bc1 Rb4 30.Qe2 Nf5
31.Bb2 Bxb2 32.Qxe6+ Kf8 33.Rxb2 Nd4 34.Qe4 f5 35.Qe3 Qf7 36.Qg5 Re8 37.Rxe8+ Qxe8
38.Rd2 Qe7 39.Qh4 g6 40.Qh6+ Qg7 41.Qe3 Qf6 42.Bf1 Nxb3 43.Rd6 Qe7 44.Qh6+ Ke8
45.Rxc6 Nxc5 46.Rc8+ Kd7 47.Rh8 Qe1 48.Rxh7+ Kc6 49.Bg2+ Ne4 50.Qxg6+ Kc5
51.Qxf5+ Kd4 52.Rh4 Kc3 53.Rxe4 Rxe4 54.Bxe4  1-0

[Event "4NCL"]
[Site "Birmingham ENG"]
[Date "2002.05.06"]
[Round "11"]
[White "Lauterbach,I"]
[Black "Jackson,S"]
[Result "1/2-1/2"]
[WhiteElo "2127"]
[BlackElo "2183"]

1.Nf3 d5 2.g3 Nf6 3.Bg2 e6 4.d3 Be7 5.O-O b6 6.Nbd2 Bb7 7.Re1 O-O 8.e4 dxe4
9.Ng5 Nc6 10.Ngxe4 Nxe4 11.dxe4 Qd7 12.Qe2 Nd4 13.Qd3 Rad8 14.c3 Nc6 15.Qxd7 Rxd7
16.Nf3 Rfd8 17.Be3 h6 18.h4 a5  1/2-1/2

[Event "FSIM May"]
[Site "Budapest HUN"]
[Date "2002.05.06"]
[Round "3"]
[White "Nemeth,Z"]
[Black "Bui Vinh"]
[Result "1/2-1/2"]
[WhiteElo "2364"]
[BlackElo "2420"]

1.Nf3 d5 2.g3 Nf6 3.Bg2 g6 4.b3 Bg7 5.Bb2 O-O 6.c4 c6 7.O-O a5 8.cxd5 cxd5
9.a4 Nc6 10.Na3 Bf5 11.Nb5 Re8 12.Nh4 Bc8 13.d4 Bd7 14.Rc1 Rc8 15.Nf3 Nb4
16.Nc3 Bf5 17.Ne5 h5 18.Ba3 Nc6 19.e3 Be6 20.Nd3 b6 21.Nf4 Qd7 22.Qe2 Bh6
23.Nxe6 Qxe6 24.Nb5 Qd7 25.Rc2 Bf8 26.Rfc1 e6 27.Bxf8 Kxf8 28.Qf3 Kg7 29.Qf4 Red8
30.h3 Nb4 31.Rxc8 Rxc8 32.Rxc8 Qxc8 33.Bf1 Ne4 34.Nd6 Nxd6 35.Qe5+ Kg8 36.Qxd6 Qc6
37.Qb8+ Kg7 38.Kg2 Nc2 39.g4 hxg4 40.hxg4 Ne1+ 41.Kg3 Qc2 42.Qe5+ Kg8 43.Qb8+ Kg7
44.Qe5+ Kg8 45.Qb8+ Kg7  1/2-1/2

[Event "ch-UKR"]
[Site "Alushta UKR"]
[Date "2002.05.07"]
[Round "5"]
[White "Levenko,V"]
[Black "Subbotin,A"]
[Result "1/2-1/2"]
[WhiteElo "2098"]
[BlackElo "2052"]

1.Nf3 d5 2.g3 c6 3.Bg2 Bg4 4.h3 Bxf3 5.Bxf3 e5 6.d3 f5 7.O-O Nf6 8.b3 Bc5
9.Bb2 Qe7 10.e3 e4 11.Bg2 h5 12.h4 Nbd7 13.d4 Bd6 14.c4 Ng4 15.cxd5 cxd5
16.Nc3 g5 17.Nxd5 Qf7 18.f3 Qxd5 19.fxg4 hxg4 20.Qe1 gxh4 21.gxh4 Be7 22.Qc3 Nb6
23.Rfc1 Rxh4 24.a4 a5 25.Ba3 Bxa3 26.Rxa3 Rc8 27.Qb2 Rh6 28.Bf1 Qd6 29.Rxc8+ Nxc8
30.Bg2 Qb4 31.Ra1 Nb6 32.Rb1 Nd5 33.Qf2 Rh5 34.Qg3 Qd2 35.Qb8+ Kf7 36.Qxb7+ Ne7
37.Bxe4 Qxe3+ 38.Kg2 fxe4 39.Rf1+ Ke8 40.Qb8+ Kd7 41.Qa7+ Ke8 42.Qb8+ Kd7  1/2-1/2

[Event "Capablanca Mem Premier I"]
[Site "Havana CUB"]
[Date "2002.05.07"]
[Round "2"]
[White "Cacho Reigadas,S"]
[Black "Gretarsson,H"]
[Result "1-0"]
[WhiteElo "2469"]
[BlackElo "2521"]

1.Nf3 d5 2.g3 Nc6 3.Bg2 e5 4.O-O Nf6 5.d4 e4 6.Ne5 Bd6 7.Nxc6 bxc6 8.c4 h6
9.Nc3 O-O 10.Qa4 Bd7 11.Qa5 Be6 12.c5 Be7 13.f3 Ne8 14.Be3 exf3 15.exf3 Qd7
16.Qa6 g5 17.Rae1 Ng7 18.Bf2 Rfe8 19.Re2 Bf5 20.Rfe1 Ne6 21.Qa4 Bf6 22.f4 Red8
23.fxg5 hxg5 24.Be3 Bg7 25.Rf2 Bg6 26.h4 gxh4 27.gxh4 Qe8 28.Qd1 Qf8 29.Qg4 Bh7
30.Ref1 f5 31.Rxf5 Bxf5 32.Rxf5 Qe7 33.Re5 Kf7 34.Bg5 Bf6 35.Qh5+  1-0

[Event "Capablanca Mem Premier I"]
[Site "Havana CUB"]
[Date "2002.05.07"]
[Round "2"]
[White "Alvarez,Jose"]
[Black "Abreu,A"]
[Result "1/2-1/2"]
[WhiteElo "2403"]
[BlackElo "2480"]

1.Nf3 d5 2.g3 Nf6 3.Bg2 c6 4.O-O Bg4 5.d3 Nbd7 6.Nbd2 e6 7.h3 Bh5 8.e4 dxe4
9.dxe4 Be7 10.Qe1 O-O 11.a4 Ne8 12.Nc4 Nd6 13.Nfd2 e5 14.b3 f6 15.Nxd6 Bxd6
16.Nc4 Be7 17.Kh2 Re8 18.Be3 Qc7 19.Qc3 a5 20.g4 Bg6 21.Rfd1 Bb4 22.Qb2 b5
23.Rxd7 Qxd7 24.Nb6 Qc7 25.Nxa8 Rxa8 26.f3 Rd8 27.c3 Bf8  1/2-1/2

[Event "TCh-NOR Finals"]
[Site "Oslo NOR"]
[Date "2002.05.08"]
[Round "1"]
[White "Hole,O"]
[Black "Hanssen,G"]
[Result "1/2-1/2"]
[WhiteElo "2237"]
[BlackElo "2276"]

1.Nf3 d5 2.g3 g6 3.Bg2 Bg7 4.O-O Nf6 5.d3 O-O 6.Nbd2 c5 7.e4 Nc6 8.Re1 h6
9.c3 e5 10.exd5 Nxd5 11.Nb3 b6 12.d4 cxd4 13.cxd4 exd4 14.Nbxd4 Nxd4 15.Nxd4 Bb7
16.Qa4 Qf6 17.Nc2 Rac8 18.Ne3 Nxe3 19.Bxe3 Bxg2 20.Kxg2 h5 21.Rac1 Qf5 22.Rxc8 Rxc8
23.h4 Rc2 24.Rd1 b5 25.Qxa7 Qe4+ 26.Kg1 Rxb2 27.Qd7 Rb1 28.Rxb1  1/2-1/2

[Event "XI MKD-Cup"]
[Site "Stip MKD"]
[Date "2002.05.08"]
[Round "1"]
[White "Peckov,K"]
[Black "Atanasov,S"]
[Result "1/2-1/2"]
[WhiteElo "2242"]
[BlackElo "2019"]

1.Nf3 d5 2.g3 c6 3.Bg2 Nf6 4.O-O g6 5.d3 Bg7 6.Nbd2 O-O 7.c3 Nbd7 8.Qc2 a5
9.a4 e5 10.b3 Re8 11.e4 dxe4 12.dxe4 Nc5 13.Ba3 Bf8 14.Bxc5 Bxc5 15.Nc4 Qc7
16.h3 Nd7 17.Rfd1 Nf8 18.Rd2 f6 19.Rad1 Be6 20.Bf1 Red8 21.Nb2 Rxd2 22.Rxd2 Rd8
23.Bc4 Rxd2 24.Qxd2 Kg7 25.Kg2 b6 26.Qd3 Be7 27.Nd2 Qd7 28.Bxe6 Qxd3 29.Nxd3 Nxe6
30.Nc4 Bd8 31.f4 exf4 32.gxf4 Bc7 33.Kf3 b5 34.Nd2 Kf7 35.h4 Ke7 36.Nf1  1/2-1/2

[Event "ch-UKR"]
[Site "Alushta UKR"]
[Date "2002.05.09"]
[Round "7"]
[White "Muhtarov,L"]
[Black "Subbotin,A"]
[Result "1/2-1/2"]
[WhiteElo "2117"]
[BlackElo "2052"]

1.Nf3 d5 2.g3 c6 3.Bg2 Bg4 4.d3 Bxf3 5.Bxf3 e5 6.Nd2 Nf6 7.O-O Be7 8.e4 d4
9.Bg2 O-O 10.f4 Nfd7 11.Nf3 f6 12.Bh3 Bd6 13.Be6+ Kh8 14.a3 Qe8 15.f5 Nc5
16.Ba2 Qh5 17.Kg2 g5 18.h3 h6 19.Rh1 Kg7 20.g4 Qe8 21.h4 Nbd7 22.hxg5 fxg5
23.Bxg5 hxg5 24.Nxg5 Rh8 25.Nf7 Qe7 26.g5 Rag8 27.f6+ Nxf6 28.gxf6+ Qxf6
29.Qg4+ Kf8 30.Rxh8 Qxh8 31.Nxh8 Rxg4+ 32.Kh3 Rg7 33.Rf1+ Ke7 34.Nf7 Bc7
35.Rf5 Nd7 36.Ng5 Nf8 37.Bb3 Ng6 38.Nf7 b5 39.Ng5 Nf4+  1/2-1/2

[Event "Capablanca Mem Premier I"]
[Site "Havana CUB"]
[Date "2002.05.09"]
[Round "4"]
[White "Alvarez,Jose"]
[Black "Gretarsson,H"]
[Result "1/2-1/2"]
[WhiteElo "2403"]
[BlackElo "2521"]

1.Nf3 d5 2.g3 Nc6 3.d4 Bf5 4.Bg2 e6 5.O-O Nb4 6.Na3 Be7 7.c3 Na6 8.Nc2 h6
9.b4 c6 10.Nd2 Nf6 11.f3 g5 12.e4 Bg6 13.e5 Nh5 14.Nb3 Nc7 15.Rf2 b6 16.Bf1  1/2-1/2

[Event "Mitropa Cup"]
[Site "Leipzig GER"]
[Date "2002.05.09"]
[Round "7"]
[White "Forster,R"]
[Black "Dunis,A"]
[Result "1-0"]
[WhiteElo "2459"]
[BlackElo "2405"]

1.Nf3 d5 2.g3 c6 3.Bg2 Nf6 4.O-O Bf5 5.d3 h6 6.Nbd2 e6 7.b3 Nbd7 8.Bb2 Bh7
9.e4 dxe4 10.dxe4 Nxe4 11.Nxe4 Bxe4 12.Qe2 Bxf3 13.Qxf3 Qg5 14.Rad1 Be7 15.h4 Qg6
16.Qf4 O-O-O 17.Qa4 Bc5 18.b4 Qg4 19.c4 Qxc4 20.Bxc6 Nb6 21.Qxa7 Bxf2+ 22.Kxf2 Qxc6
23.Bd4 Nc4 24.Rc1 b5 25.a4 Rd7 26.axb5 Qxb5 27.Rxc4+ Qxc4 28.Qa8+ Kc7 29.Be5+ Kb6
30.Qxh8 Kb5 31.Qb8+ Ka4 32.Qa8+ Kb3 33.Rb1+ Kc2 34.Rb2+  1-0